<?xml version="1.0" encoding="UTF-8"?>
<record
    xmlns:xsi="http://www.w3.org/2001/XMLSchema-instance"
    xsi:schemaLocation="http://www.loc.gov/MARC21/slim http://www.loc.gov/standards/marcxml/schema/MARC21slim.xsd"
    xmlns="http://www.loc.gov/MARC21/slim">

  <leader>00760nam a2200229 a 4500</leader>
  <controlfield tag="001">4128</controlfield>
  <controlfield tag="005">20140414131852.0</controlfield>
  <controlfield tag="008">090209s19uu    xx            00    eng d</controlfield>
  <datafield tag="020" ind1=" " ind2=" ">
    <subfield code="a">0-7368-2431-6</subfield>
  </datafield>
  <datafield tag="050" ind1=" " ind2=" ">
    <subfield code="a">M 629.2</subfield>
    <subfield code="b">Sa9 2004</subfield>
  </datafield>
  <datafield tag="100" ind1=" " ind2=" ">
    <subfield code="a">Savage, Jeff, 1961-</subfield>
  </datafield>
  <datafield tag="245" ind1=" " ind2=" ">
    <subfield code="a">Rally cars /</subfield>
    <subfield code="c">by Jeff Savage.</subfield>
  </datafield>
  <datafield tag="260" ind1=" " ind2=" ">
    <subfield code="a">Mankato, Minnesota :</subfield>
    <subfield code="b">Capstone Press,</subfield>
    <subfield code="c">c2004.</subfield>
  </datafield>
  <datafield tag="300" ind1=" " ind2=" ">
    <subfield code="a">32 p. : col., ill. cm.</subfield>
  </datafield>
  <datafield tag="440" ind1=" " ind2=" ">
    <subfield code="a">Wild rides!</subfield>
  </datafield>
  <datafield tag="500" ind1=" " ind2=" ">
    <subfield code="a">Includes bibliographical references and index.</subfield>
  </datafield>
  <datafield tag="520" ind1=" " ind2=" ">
    <subfield code="a">Contents: Rally cars--Early rally races--Designing a rally car--Rally cars in competition.</subfield>
  </datafield>
  <datafield tag="650" ind1=" " ind2=" ">
    <subfield code="a">Automobile rallies</subfield>
    <subfield code="x">Juvenile literature.</subfield>
  </datafield>
  <datafield tag="650" ind1=" " ind2=" ">
    <subfield code="a">Automobiles, Racing</subfield>
    <subfield code="x">Juvenile literature.</subfield>
  </datafield>
  <datafield tag="999" ind1=" " ind2=" ">
    <subfield code="c">110236</subfield>
    <subfield code="d">110236</subfield>
  </datafield>
  <datafield tag="952" ind1=" " ind2=" ">
    <subfield code="0">0</subfield>
    <subfield code="1">0</subfield>
    <subfield code="4">0</subfield>
    <subfield code="5">0</subfield>
    <subfield code="a">MU</subfield>
    <subfield code="b">MU</subfield>
    <subfield code="c">M</subfield>
    <subfield code="d">2009-02-09</subfield>
    <subfield code="e">Donation</subfield>
    <subfield code="l">0</subfield>
    <subfield code="o">M 629.2 Sa9 2004</subfield>
    <subfield code="p">M0573</subfield>
    <subfield code="r">2014-04-14 00:00:00</subfield>
    <subfield code="w">2014-04-14</subfield>
    <subfield code="y">BK</subfield>
  </datafield>
  <datafield tag="952" ind1=" " ind2=" ">
    <subfield code="0">0</subfield>
    <subfield code="1">0</subfield>
    <subfield code="4">0</subfield>
    <subfield code="5">0</subfield>
    <subfield code="a">MU</subfield>
    <subfield code="b">MU</subfield>
    <subfield code="c">M</subfield>
    <subfield code="d">2009-02-09</subfield>
    <subfield code="e">Donation</subfield>
    <subfield code="l">0</subfield>
    <subfield code="o">M 629.2 Sa9 2004</subfield>
    <subfield code="p">M0572</subfield>
    <subfield code="r">2014-04-14 00:00:00</subfield>
    <subfield code="w">2014-04-14</subfield>
    <subfield code="y">BK</subfield>
  </datafield>
</record>
